Les 10 pays les plus sales au monde - Statistiques

Statistiques générales
  • Ce quiz a été pris 1 009 fois
  • Le résultat moyen est 5 sur 10
Statistiques - réponses
Pays % Correct
Inde
95%
Pakistan
69%
Chine
68%
Bangladesh
58%
Afghanistan
40%
Nigéria
34%
Egypte
33%
Irak
29%
Népal
25%
Mongolie
19%
Aucun quiz correspondant
Distribution des résultats
% des personnes avec chaque résultat
Percentile par nombre de réponses
Votre historique - résultats
Vous n’avez pas pris ce quiz